000 00911naa a22002777u 4500
001 07391
003 HDC
007 cr bn ---aaaaa
008 210128s2012 nyu eng
040 _aHDC
100 _aHunt, Frances,
_eauthor
_97947
245 0 _aALTERNATIVE SWEETENERS :
_bCyclamate /
_cby Frances Hunt, Barbara A. Bopp and Paul Price
250 _aFourth edition
260 _aNew York :
_bM. Dekker,
_c2012
300 _a24 pages
336 _atext
_2rdacontent
337 _acomputer
_2rdamedia
338 _aonline resource
_2rdacarrier
500 _aOriginal from book
650 _aNonnutritive sweeteners
_97944
650 _aSweeteners
_97945
856 _zRequest full-text at [email protected]
942 _2lcc
942 _cCHAP
942 _kEBCH 000548
999 _c4714
_d4714